| 000 | 00760nam a22002297a 4500 | ||
|---|---|---|---|
| 005 | 20170124105942.0 | ||
| 010 | _aB-078829 | ||
| 020 |
_c00.00 _a8177080504 |
||
| 035 | _aB-078829 | ||
| 037 | _bCen Lib/Ret | ||
| 040 |
_aDPL _bEN |
||
| 082 |
_a321.80954 _bTIW |
||
| 100 |
_aTiwari, B.K. _911501 |
||
| 245 |
_aParliamentary democray in India : _cby B.K.Tiwari _bdoes it require a change? / |
||
| 260 |
_aNew Delhi _bNew century publications _c2003 |
||
| 270 |
_bNew Delhi _a34, Gujranwala town part-2 _e110009 |
||
| 300 |
_a309p. _c22cm(Hb) |
||
| 500 | _aIncludes index | ||
| 650 |
_aRepresentative government and representation -- India _973515 |
||
| 650 |
_aPolitical corruption -- India _916040 |
||
| 942 |
_2ddc _cEN _h321.80954 _mTIW |
||
| 999 |
_c124653 _d124653 |
||